Analysis of stakeholder’s approach and view for the successful implementation of mild-day meal schme in rural areas of Dakshin Dinajpur district of West Bengal (Record no. 517522)

000 -LEADER
fixed length control field 00706nam a22001457a 4500
008 - FIXED-LENGTH DATA ELEMENTS--GENERAL INFORMATION
fixed length control field 210716b ||||| |||| 00| 0 eng d
100 ## - MAIN ENTRY--PERSONAL NAME
Personal name jagat, Suresh Kumar
245 ## - TITLE STATEMENT
Title Analysis of stakeholder’s approach and view for the successful implementation of mild-day meal schme in rural areas of Dakshin Dinajpur district of West Bengal
260 ## - PUBLICATION, DISTRIBUTION, ETC. (IMPRINT)
Place of publication, distribution, etc The Administrator: Journal of LBSNAA
300 ## - PHYSICAL DESCRIPTION
Extent 60(3), Dec, 2020: p.134-190
650 ## - SUBJECT ADDED ENTRY--TOPICAL TERM
Topical term or geographic name as entry element National Programme for Nutritional Support to Primary Education, School children - Food, School children - Food - Government policy
9 (RLIN) 26743
773 ## - HOST ITEM ENTRY
Main entry heading The Administrator: Journal of LBSNAA
906 ## - LOCAL DATA ELEMENT F, LDF (RLIN)
Subject DIP SCHOOL CHILDREN - FOOD - INDIA
942 ## - ADDED ENTRY ELEMENTS (KOHA)
Item type Articles
Holdings
Withdrawn status Lost status Source of classification or shelving scheme Damaged status Not for loan Permanent location Current location Date acquired Serial Enumeration / chronology Barcode Date last seen Koha item type
          Indian Institute of Public Administration Indian Institute of Public Administration 2021-07-16 60(3), Dec, 2020: p.134-190 AR124801 2021-07-16 Articles

Powered by Koha